• 首页
  • 本馆介绍
  • 公告通知
  • 最新文献
  • 馆藏检索
  • 电子资源
  • 读者导购
  • 参考咨询
  • 我的图书馆
  • 登录
  • 详细信息显示
  • 放入我的书架
  • 预约/预借图书
  • 作者相关作品
  • 分类相关作品
  • 丛书相关作品
  • 出版社相关作品

书目信息

  • 表格格式
  • 工作单格式
  • 卡片格式
题名:
香菇栽培实用新技术
    
 
作者: 张宝军 编著
分册:  
出版信息: 北京   金盾出版社  2017
页数: 328页
开本: 20cm
丛书名:
单 册:
中图分类: S646.1
科图分类:
主题词: 香菇--xiang gu--蔬菜园艺
电子资源:
ISBN: 978-7-5186-1289-5
000 00890nam0 2200253 45
001 012001001328
005 20140107191438.0
010    @a978-7-5186-1289-5@dCNY30.00
099    @aCAL 012019035417
100    @a20190312d2017 em y0chiy50 ea
101 0  @achi
102    @aCN@b110000
105    @ay a 000yy
106    @ar
200 1  @a香菇栽培实用新技术@Axiang gu zai pei shi yong xin ji shu@f张宝军编著
210    @a北京@c金盾出版社@d2017
215    @a328页@d20cm
320    @a有书目(第327-328页)
330    @a本书内容包括:香菇概述,香菇生物学特性,香菇栽培原辅材料,消毒与灭菌,香菇菌种制作技术,香菇栽培品种,香菇栽培技术演变史,香菇栽培实用技术,香菇杂菌危害防治,香菇病害防治,香菇虫害防治等。
606 0  @a香菇@Axiang gu@x蔬菜园艺
690    @aS646.1@v5
701  0 @a张宝军@Azhang bao jun@4编著
801  0 @aCN@b北京卓展@c20191020
905    @b1201785-8@dS646.1@e526@f4
    
    香菇栽培实用新技术/张宝军编著.-北京:金盾出版社,2017
    328页;20cm
    
    
    ISBN 978-7-5186-1289-5:CNY30.00
    本书内容包括:香菇概述,香菇生物学特性,香菇栽培原辅材料,消毒与灭菌,香菇菌种制作技术,香菇栽培品种,香菇栽培技术演变史,香菇栽培实用技术,香菇杂菌危害防治,香菇病害防治,香菇虫害防治等。
●
相关链接 在E读中查询图书 在五车中查询图书 在当当中查询图书 在豆瓣中查询图书


正题名:香菇栽培实用新技术     索取号:S646.1/526         预约/预借

序号 登录号 条形码 馆藏地/架位号 状态 备注
1 1201785   212017850   第二样本阅览室/ [索取号:S646.1/526] 在馆    
2 1201786   212017869   第三借阅区/ [索取号:S646.1/526] 在馆    
3 1201787   212017878   第三借阅区/ [索取号:S646.1/526] 在馆    
4 1201788   212017887   第三借阅区/ [索取号:S646.1/526] 在馆    
唐山师范学院图书馆 欢迎您!
大连网信软件有限公司© 版权所有